Top Five Countries With the Youngest Median Age by Continent - Statistics

General Stats
  • This quiz has been taken 47 times
  • The average score is 19 of 30
Answer Stats
Hint Age Answer % Correct
Africa 14.8 Niger
88%
South America 28.8 Ecuador
78%
South America 29.7 Paraguay
78%
South America 29.1 Peru
78%
South America 27.5 Guyana
76%
North America 24.4 Honduras
76%
Africa 16.0 Mali
76%
South America 25.3 Bolivia
73%
Africa 16.1 Chad
73%
North America 27.3 Nicaragua
73%
North America 24.1 Haiti
71%
Asia 19.5 Afghanistan
68%
Oceania 23.8 Marshall Islands
68%
Oceania 23.5 Solomon Islands
66%
Oceania 24.1 Tonga
66%
Oceania 23.0 Vanuatu
66%
North America 23.9 Belize
63%
North America 23.2 Guatemala
63%
Oceania 25.6 Samoa
63%
Europe 34.3 Albania
61%
Asia 21.2 Iraq
59%
Europe 30.5 Kosovo
54%
Asia 19.8 Yemen
54%
Africa 15.7 Uganda
51%
Europe 37.8 Ireland
49%
Asia 22.0 Pakistan
49%
Europe 37.7 Moldova
44%
Africa 15.9 Angola
37%
Europe 37.1 Iceland
34%
Asia 19.6 East Timor
32%
No matching quizzes found
Score Distribution
Percent of People with Each Score
Percentile by Number Answered
Your Score History
You have not taken this quiz